Name the Taylor Swift song from the lyric - Statistics

General Stats
  • This quiz has been taken 120 times
  • The average score is 16 of 20
Answer Stats
Hint Answer % Correct
But you'll come back each time you leave / 'Cause, darling, I'm a nightmare dressed like a daydream blank space
93%
Mr. "Perfect face" / Mr. "Here to stay" mr. perfectly fine
93%
I am not the kind of girl / Who should be rudely barging in on a white veil occasion speak now
93%
And maybe we got lost in translation / Maybe I asked for too much all too well
90%
While he was runnin' after us, I was screamin', "Go, go, go!" / But with three of us, honey, it's a sideshow getaway car
88%
He's so tall and handsome as hell / He's so bad, but he does it so well wildest dreams
88%
The whole school is rolling fake dice / You play stupid games, you win stupid prizes miss americana and the heartbreak prince
84%
There's something about the way / The street looks when it's just rained fearless
83%
I'll show you every version of yourself tonight / I'll get you out on the floor mirrorball
83%
Here's a toast to my real friends / They don't care about the he said, she said this is why we can't have nice things
83%
I'd tell you I miss you but I don't know how / I've never heard silence quite this loud the story of us
77%
I didn't have it in myself to go with grace / And you're the hero flying around, saving face my tears ricochet
76%
Talk your talk and go viral / I just need this love spiral lavender haze
75%
Did you hear about the girl who lives in delusion? / Break-ups happen every day, you don't have to lose it right where you left me
75%
Is it romantic how all my elegies eulogize me? / I'm not cut out for all these cynical clones / These hunters with cell phones the lakes
75%
You think that it's funny when I'm mad, mad, mad / But I think that it's best if we both stay stay stay stay
71%
And this is when the feeling sinks in / I don't wanna miss you like this come back... be here
67%
There's nothing stopping me / From going out with all of your best friends picture to burn
66%
What could've been, would've been / What should've been you / What could've been, would've been you bigger than the whole sky
58%
But I'm a fire, and I'll keep your brittle heart warm / If your cascade ocean wave blues come peace
57%
No matching quizzes found
Score Distribution
Percent of People with Each Score
Percentile by Number Answered
Your Score History
You have not taken this quiz